| 000 | 00673cam a22002413a 4500 | ||
|---|---|---|---|
| 001 | 17175 | ||
| 003 | PGUSA | ||
| 005 | 20140828083351.0 | ||
| 008 | 051128s2005||||xxu|||||s|||||000 | eng d | ||
| 040 |
_aPGUSA _beng |
||
| 042 | _adc | ||
| 050 | 4 | _aPZ | |
| 100 | 1 |
_aMolesworth, _cMrs, _d1839-1921 |
|
| 245 | 1 | 4 |
_aThe Tapestry Room : _bA Child's Romance _h[electronic resource] / _cMolesworth, |
| 260 |
_bProject Gutenberg, _c2005 |
||
| 506 | _aPublic domain in the USA. | ||
| 516 | _aElectronic text | ||
| 653 | _aFantasy | ||
| 700 | 1 |
_aCrane, Walter, _d1845-1915 |
|
| 830 | 0 |
_aProject Gutenberg _v17175 |
|
| 856 | 4 | 0 | _uhttp://www.gutenberg.org/ebooks/17175 |
| 942 | _cEB | ||
| 999 |
_c246430 _d246430 |
||